| 000 | 00719nam a2200253Ia 4500 | ||
|---|---|---|---|
| 003 | OSt | ||
| 005 | 20220927110623.0 | ||
| 006 | a|||||r|||| 00| 0 | ||
| 007 | ta | ||
| 008 | 220926b |||||||| |||| 00| 0 eng d | ||
| 024 | _a66907 | ||
| 037 | _cReports | ||
| 040 |
_aRTL _cRTL _beng |
||
| 041 |
_2eng _aeng |
||
| 082 | _a"X7:8C.2.N67t, L0" | ||
| 110 |
_a"INDIA, ADMINISTRATIVE REFORMS (Commission)." _9356822 |
||
| 245 | 0 | _aReport | |
| 260 |
_aDelhi _bManager of Publications India _c1970 |
||
| 300 |
_a132p. _ccm. |
||
| 650 | _aFinance | ||
| 700 |
_a"INDIA, ADMINISTRATIVE REFORMS (Commission)." _9356825 |
||
| 942 |
_h"X7:8C.2.N67t, L0" _cCC |
||
| 999 |
_c697424 _d697424 |
||